Modelling transport
Salvato in:
| Autori principali: | , |
|---|---|
| Natura: | Libro |
| Lingua: | inglese |
| Pubblicazione: |
Chichester
John Wiley
1994
|
| Edizione: | 2a. ed |
| Soggetti: | |
| Tags: |
Aggiungi Tag
Nessun Tag, puoi essere il primo ad aggiungerne!!
|
MARC
| LEADER | 00000nam a2200000 a 4500 | ||
|---|---|---|---|
| 001 | UCY2749 | ||
| 003 | CL-VaPUC | ||
| 008 | 941116e19940000UK |||||||||||||||||eng|d | ||
| 082 | 0 | 4 | |a 388.015118 |b ORT |2 21 |
| 100 | |a Ortúzar Salas, Juan de Dios |e author |9 476732 | ||
| 700 | 0 | |a Willumsen, Luis G |e author |9 330830 | |
| 245 | 1 | 0 | |a Modelling transport |
| 250 | |a 2a. ed | ||
| 300 | |a 439 p | ||
| 942 | |c BK | ||
| 945 | |d 19941116 00:00:00 |a mfernand | ||
| 260 | |a Chichester |b John Wiley |c 1994 | ||
| 650 | 7 | |a TRANSPORTE |2 CL-VaPUC |9 256365 | |
| 650 | 0 | |a Generación de viajes |9 330831 | |
| 650 | 7 | |a ELECCION DE TRANSPORTE |2 CL-VaPUC |9 330832 | |
| 650 | 0 | |a Modelos matemáticos |9 259437 | |
| 583 | |a last modification |c 19941116 00:00:00 |k Rodrigo Vera | ||
| 999 | |c 231077 |d 231075 | ||
| 952 | |0 0 |1 0 |4 0 |6 388_015118000000000_ORT_1994 |7 0 |8 A |9 233894 |a BIBING |b BIBING |d 2019-11-15 |i 3037347 |o 388.015118 ORT 1994 |p 3037347 |r 2025-01-20 |w 2019-11-15 |y BK |k TRA | ||